Report Of The Joint Committee On Trade, Industry And Tourism And Youth, Sports And Culture On The 2019 Annual Budget Estimates Of The Ministry Of Tourism, Arts and Culture. (Record no. 1171)

MARC details
000 -LEADER
fixed length control field 00682nam a2200157Ia 4500
008 - FIXED-LENGTH DATA ELEMENTS--GENERAL INFORMATION
fixed length control field 240428s9999||||xx |||||||||||||| ||und||
041 ## - LANGUAGE CODE
Language code of text/sound track or separate title eng
082 ## - DEWEY DECIMAL CLASSIFICATION NUMBER
Classification number BE/MOTAC/19
100 ## - MAIN ENTRY--PERSONAL NAME
Personal name Ministry of Finance
245 #0 - TITLE STATEMENT
Title Report Of The Joint Committee On Trade, Industry And Tourism And Youth, Sports And Culture On The 2019 Annual Budget Estimates Of The Ministry Of Tourism, Arts and Culture.
260 ## - PUBLICATION, DISTRIBUTION, ETC.
Name of publisher, distributor, etc. Ministry of Finance
Place of publication, distribution, etc. Accra
Date of publication, distribution, etc. 2019
300 ## - PHYSICAL DESCRIPTION
Extent 15p; tabs.
650 ## - SUBJECT ADDED ENTRY--TOPICAL TERM
Topical term or geographic name entry element Report Of The Joint Committee On Trade, Industry And Tourism And Youth, Sports And Culture On - 2019 Annual Budget Estimates Of The Ministry Of Tourism, Arts and Culture.
942 ## - ADDED ENTRY ELEMENTS (KOHA)
Koha item type E-resources & Electronic Documnets
Holdings
Withdrawn status Lost status Damaged status Not for loan Home library Current library Shelving location Date acquired Total checkouts Full call number Date last seen Copy number Price effective from Koha item type
        Main Library Main Library Open Shelves 10/06/2022   BE/MOTAC/19/901 C1 - BE/MOTAC/19/902 C2 - BE/MOTAC/19/903 C3 - BE/MOTAC/19/904 C4 29/04/2024 1 29/04/2024 E-resources & Electronic Documnets
©2026  Parliament of Ghana Library - All rights reserved